| 000 | 00952nam a2200277 a 4500 | ||
|---|---|---|---|
| 005 | 20250624163306.0 | ||
| 008 | 991125m19872000es 000 0 spa u | ||
| 020 | _a8474323339 (10 dígitos) | ||
| 020 | _a9788474323337 (13 dígitos) | ||
| 035 | _aUPN01000031923 | ||
| 040 | _cUPN | ||
| 049 | _aCG | ||
| 050 | 4 |
_aHM101 _bG4.58 |
|
| 100 | 1 |
_aGeertz, Clifford James, _d1926-2006 _930831 |
|
| 245 | 1 | 3 |
_aLa interpretación de las culturas / _cClifford Geertz ; tr. Alberto L. Bixio. |
| 260 |
_aBarcelona, Esp. : _bGedisa, _c1987 (2006 impr.). |
||
| 300 | _a387 p. | ||
| 440 | 0 |
_aHombre y sociedad. _pMediaciones. _pAntropología y etnografía |
|
| 534 |
_pTitulo original: _tThe interpretation of cultures |
||
| 590 | _aUn ejemplar se encuentra en el ("Area de Reserva") | ||
| 650 | 4 |
_aCultura _xFilosofía _9999 |
|
| 650 | 4 |
_aEvolución social _96707 |
|
| 902 | _bMaría de los Ángeles Medina Huerta | ||
| 905 | _aLibro | ||
| 942 |
_2lcc _cLIBRO |
||
| 999 |
_c31923 _d31923 |
||